Managerial Economics (Record no. 1115)

MARC details
000 -LEADER
fixed length control field 00432nam a22001697a 4500
005 - DATE AND TIME OF LATEST TRANSACTION
control field 20180321130400.0
008 - FIXED-LENGTH DATA ELEMENTS--GENERAL INFORMATION
fixed length control field 160519b xxu||||| |||| 00| 0 eng d
020 ## - INTERNATIONAL STANDARD BOOK NUMBER
ISBN 81-85044-62-7
041 ## - LANGUAGE CODE
Language code of text/sound track or separate title eng
082 ## - DEWEY DECIMAL CLASSIFICATION NUMBER
Item number 3277
Classification number 338.5024658
100 ## - MAIN ENTRY--AUTHOR NAME
Personal name Dr. Rajkumar Prof Kuldip Gupta
245 ## - TITLE STATEMENT
Title Managerial Economics
260 ## - PUBLICATION, DISTRIBUTION, ETC. (IMPRINT)
Name of publisher UDH Publishing & Distributions
Year of publication 2008
300 ## - PHYSICAL DESCRIPTION
Number of Pages 668
650 ## - SUBJECT ADDED ENTRY--TOPICAL TERM
Topical Term Management
942 ## - ADDED ENTRY ELEMENTS (KOHA)
Koha item type Books
Holdings
Lost status Damaged status Collection code Home library Current library Shelving location Date acquired Cost, normal purchase price Full call number Accession Number Koha item type
    Reference JRU Library   SHELF-28-B 19/05/2016 315.00 338.502 465 8 3277 Books
    MANAGEMENT JRU Library JRU Library SHELF-60-B 19/05/2016 315.00 338.502 465 8 3278 Books
    MANAGEMENT JRU Library JRU Library SHELF-60-B 19/05/2016 315.00 338.502 465 8 3279 Books
    MANAGEMENT JRU Library JRU Library SHELF-60-E 19/05/2016 315.00 338.502 465 8 3280 Books
    MANAGEMENT JRU Library JRU Library SHELF-60-B 19/05/2016 315.00 338.502 465 8 3281 Books
    MANAGEMENT JRU Library JRU Library SHELF-60-B 19/05/2016 315.00 338.502 465 8 3282 Books